| 000 | 01611nam a2200229 a 4500 | ||
|---|---|---|---|
| 005 | 20140310183533.0 | ||
| 008 | 111011s19uu xx 00 eng d | ||
| 010 | _a2008036060 | ||
| 020 | _a9781557669582 | ||
| 050 |
_aLC 4718 _b.W44 2009 |
||
| 100 | _aWehman, Paul | ||
| 245 |
_aAutism and the transition to adulthood : _bsuccess beyond the classroom / _cPaul Wehman, Marcia Datlow Smith, and Carol Schall. |
||
| 260 |
_aBaltimore : _bPaul H. Brookes Pub. Co, _c2009. |
||
| 300 |
_axv, 285 p. : _bill. ; _c26 cm. |
||
| 500 | _aIncludes bibliographical references (p. 253-264) and index. | ||
| 520 | _aContents: Understanding the transition from school to adulthood for students with autism / Carol Schall and Paul Wehman -- Positive behavior support / Marcia Datlow Smith -- Educational and transition planning / Carol Schall -- Meeting transition goals through inclusion / Carol Schall and Jennifer McFarland-Whisman -- Teaching youth for success: from classroom to community / Dawn Hendricks, Marcia Datlow Smith, and Paul Wehman -- Navigating the world of adult services and benefits planning / Grant Revell and Lucy Axton Miller -- Integrated employment / Pamela Targett and Paul Wehman -- Postsecondary options for students with autism / Lori W. Briel and Elizabeth Evans Getzel -- Critical life skills / Marcia Datlow Smith and Pamela Targett -- Living in the community / Pamela Targett and Marcia Datlow Smith. | ||
| 521 | _aEDU | ||
| 650 |
_aAutistic youth _xEducation _zUnited States |
||
| 650 |
_aAutistic youth _zUnited States _xLife skills guides |
||
| 942 |
_cBK _2lcc _kFOR |
||
| 999 |
_c24660 _d24660 |
||